Oceanian Countries in Reverse Alphabetical Order - Statistics

General Stats
  • This quiz has been taken 39 times
  • The average score is 14 of 14
Answer Stats
Hint Answer % Correct
4 Kiribati
100%
7 New Zealand
100%
8 Palau
100%
10 Samoa
100%
11 Solomon Islands
100%
12 Tonga
100%
13 Tuvalu
100%
14 Vanuatu
100%
1 Australia
97%
5 Marshall Islands
97%
9 Papua New Guinea
97%
2 Federated States of Micronesia
95%
3 Fiji
95%
6 Nauru
95%
No matching quizzes found
Score Distribution
Percent of People with Each Score
Percentile by Number Answered
Your Score History
You have not taken this quiz